00763cam a22002057a 4500020001900000040000800019082001600027100002100043245005700064250001200121260006700133300003400200490004900234650004700283650002600330650003100356942001200387999001700399952014100416 a9780470290262  dDLC04a621.3952221 aBaker, R. Jacob,10aCMOS : mixed signal circuit design cR. Jacob Baker. a2nd ed. aPiscataway, NJ :bIEEE Press ;aHoboken, N.J. :bWileycc2009. axvi, 329 p. :bill. ;c24 cm.0 aIEEE Press series on microelectronic systems 0aMetal oxide semiconductors, Complementary. 0aMixed signal circuits 0aElectronic circuit design. 2ddccBK c11398d11398 001040708NFICaCLbCLcGENd2012-11-12eEagle Information Marketingg9991.54l0o621.395 BAKpSEECS011613r2012-12-19w2017-01-05yBK